000 00281 a2200133 4500
001 14407
020 _a9780746088111
040 _cAnchieta - Aquarius
240 1 0 _aCinderella
_lpor
245 1 0 _aCinderella
300 _a10p.
650 4 _aLiteratura infanto-juvenil
942 _cBK
999 _c14407
_d14407